000 00648nam a22001937a 4500
999 _c181202
_d181202
005 20210906114831.0
010 _aENG-129830
020 _c250.00
_a9788187649069
035 _aEN-113362
037 _bDBAD/PUB
082 _aN
100 _a Bhattacharyya,Birendera Kumar
245 _aLove in the time of insurgency:
_cBirendera Kumar Bhattacharyya ; translated from the Asomiya by the author.
250 _a2005
260 _bKatha,
_c2005
_aNew Delhi
270 _mkathavilasam@katha.org
_bNew Delhi
_e110002
_aA3, Sarvodya Enclave, Sri Arbindo Marg,
_k011-26524390, 011-26524511
300 _a247p.
_c21cm (pbk)
942 _2ddc
_cEN
_hN
_kBAR